| 000 | 00375 a2200157 4500 | ||
|---|---|---|---|
| 001 | 71320 | ||
| 020 | _a853050190X | ||
| 040 | _cAnchieta - Colégio São Paulo | ||
| 100 | _aGaldino, Luiz | ||
| 240 | 1 | 0 |
_aOs cavaleiros da távola redonda _lpor |
| 245 | 1 | 0 | _aOs cavaleiros da távola redonda |
| 300 | _a111 | ||
| 362 | 0 | _a1999 | |
| 650 | 4 | _aLiteratura juvenil | |
| 942 | _cBK | ||
| 999 |
_c71320 _d71320 |
||